000 00637nam a22002177a 4500
005 20170124110038.0
010 _aA-993459
020 _c190.00
_a8187100230
035 _aA-993459
037 _bCen Lib/Ret
040 _aDPL
_bEN
082 _a882
_bSAL
100 _aSalwi, Dilip M.
_987369
245 _aHey ! we are indian scientists ! and other plays /
_cby Dilip M. Salwi
260 _aNew Delhi
_bOcean Books
_c1999
270 _bNew Delhi
_a4/19, asaf ali road
_e110002
300 _a140p.
_c21cm(Hb)
650 _aEnglish literature
_987370
650 _aDrama
_987371
942 _2ddc
_cEN
_h882
_mSAL
999 _c128340
_d128340